000 00771nam a2200217Ia 4500
003 GCL
005 20240530104353.0
008 140319s9999 xx 000 0 ara d
040 _aGCL /
_cGCL
082 0 4 _a320.101
_bو ط
100 1 _aوالاس, جراهام
245 1 0 _aالطبيعة البشرية فى السياسة /
_cجراهام والاس ؛ ترجمة عبدالكريم احمد ؛ مراجعة على ادهم
300 _a253 ص
490 _aالهيئة العامة للاستعلامات
_v0
650 0 4 _aالسياسة
650 0 4 _aالاستعمار البريطانى
650 0 4 _aالدولة النيابية
650 0 4 _aبريطانيا - تاريخ
700 1 _aعبدالكريم احمد
_eمترجم
942 _2ddc
_cBK
999 _c46946
_d46946